La empresa pública desde afuera, desde adentro (Registro nro. 7779)

Detalles MARC
000 -LEADER
fixed length control field 00717 a2200217 4500
001 - CONTROL NUMBER
control field 62737
005 - DATE AND TIME OF LATEST TRANSACTION
control field 20260407155921.0
008 - FIXED-LENGTH DATA ELEMENTS--GENERAL INFORMATION
fixed length control field 260407a1986 arg spa d
003 - CONTROL NUMBER IDENTIFIER
control field AR-UNSa-BCEJYS
040 ## - CATALOGING SOURCE
Original cataloging agency AR-UNSa-BCEJYS
Language of cataloging spa
Transcribing agency AR-UNSa-BCEJYS
080 ## - UNIVERSAL DECIMAL CLASSIFICATION NUMBER
Universal Decimal Classification number 334.724
Common auxiliary subdivision Explotaciones públicas. Empresas de propiedad pública
020 ## - INTERNATIONAL STANDARD BOOK NUMBER
International Standard Book Number 978-968-18-2236-1
041 ## - LANGUAGE CODE
Language code of text/sound track or separate title spa
100 1# - MAIN ENTRY--PERSONAL NAME
Personal name Acle Tomasini, Alfredo
245 10 - TITLE STATEMENT
Title La empresa pública desde afuera, desde adentro
Name of part/section of a work Un nuevo enfoque para su planeación, control y administración
264 #1 - PRODUCTION, PUBLICATION, DISTRIBUTION, MANUFACTURE, AND COPYRIGHT NOTICE
Place of production, publication, distribution, manufacture México :
Name of producer, publisher, distributor, manufacturer Limusa
Date of production, publication, distribution, manufacture, or copyright notice 1986
300 ## - PHYSICAL DESCRIPTION
Extent 156 p.
Dimensions 23 cm.
590 ## - LOCAL NOTE (RLIN)
Local note niveau_biblio:m niveau_hierar:0
700 1# - ADDED ENTRY--PERSONAL NAME
Personal name Vega Hutchison, Juan Manuel
942 ## - ADDED ENTRY ELEMENTS (KOHA)
Koha item type
Existencias
Withdrawn status Lost status Damaged status Not for loan Home library Current library Shelving location Date acquired Total checkouts Full call number Barcode Date last seen Price effective from Koha item type
        Biblioteca Prof. Eusebio Cleto del Rey Biblioteca Prof. Eusebio Cleto del Rey   07/04/2026   334.724 A184 L53993 07/04/2026 07/04/2026 Libro